[Event "4NCL/Div4/BRJ vs. ANGA2"]
[Site "Wokefield Park ENG"]
[Date "2008.05.05"]
[Round "11.1"]
[White "Richmond, Peter A"]
[Black "Reynolds, D Ian"]
[Result "1-0"]
[WhiteElo "2271"]
[BlackElo "2104"]
[PlyCount "67"]
[EventDate "2008.05.05"]
[EventType "team"]
[EventRounds "11"]
[EventCountry "ENG"]
[SourceDate "2007.09.15"]

1. e4 e5 2. Bc4 Nf6 3. d3 Nc6 4. c3 Bc5 5. Nf3 d6 6. b4 Bb6 7. a4 a6 8. Nbd2
Be6 9. Qb3 Qd7 10. Ba3 O-O 11. O-O Ba7 12. Ra2 b5 13. axb5 axb5 14. Bxe6 fxe6
15. c4 Nd4 16. Nxd4 Bxd4 17. Bb2 Rxa2 18. Qxa2 Bxb2 19. Qxb2 Nh5 20. g3 bxc4
21. dxc4 Qf7 22. Qc3 Qg6 23. Qe3 Ra8 24. c5 Nf6 25. cxd6 cxd6 26. Qb6 Qe8 27.
b5 Rb8 28. Qxd6 Rxb5 29. Rc1 Rb8 30. Qxe5 Rc8 31. Rxc8 Qxc8 32. Nf3 Qc6 33.
Qb8+ Kf7 34. Ne5+ 1-0

[Event "4NCL/Div4/BRJ vs. ANGA2"]
[Site "Wokefield Park ENG"]
[Date "2008.05.05"]
[Round "11.2"]
[White "Savage, Nicholas W"]
[Black "Cabero, Pablo Padilla"]
[Result "1-0"]
[WhiteElo "2105"]
[BlackElo "2189"]
[PlyCount "100"]
[EventDate "2008.05.05"]
[EventType "team"]
[EventRounds "11"]
[EventCountry "ENG"]
[SourceDate "2007.09.15"]

1. d4 e6 2. c4 f5 3. g3 Nf6 4. Bg2 Be7 5. Nf3 O-O 6. O-O d6 7. Nc3 Ne4 8. Qc2
Nxc3 9. Qxc3 a5 10. b3 Nc6 11. Bb2 Bf6 12. Qd2 e5 13. dxe5 dxe5 14. Rfd1 Qxd2
15. Rxd2 a4 16. Rad1 axb3 17. axb3 Re8 18. e3 Kf7 19. Bf1 g5 20. Ne1 Ra2 21.
Bc3 Ra3 22. Rb2 Be6 23. Nc2 Ra7 24. Nb4 Nxb4 25. Bxb4 e4 26. Rc2 Rea8 27. Bg2
Ra2 28. Rxa2 Rxa2 29. Rb1 g4 30. h4 b6 31. Bf1 Kg6 32. c5 f4 33. cxb6 cxb6 34.
Bd6 fxe3 35. fxe3 Rc2 36. Bg2 Bf5 37. Bf1 Bd7 38. Bc4 Bc6 39. Be6 h5 40. Bc4
Bc3 41. Rf1 Bd2 42. Bf7+ Kh7 43. Bf4 Bb5 44. Ra1 Ba5 45. b4 Bxb4 46. Rb1 Bc4
47. Bxh5 Bc5 48. Bxg4 Kg6 49. h5+ Kg7 50. Bf5 Bg8 1-0

[Event "4NCL/Div4/BRJ vs. ANGA2"]
[Site "Wokefield Park ENG"]
[Date "2008.05.05"]
[Round "11.3"]
[White "Headlong, Timothy"]
[Black "Ruthen, Steven"]
[Result "1/2-1/2"]
[WhiteElo "2198"]
[BlackElo "2050"]
[PlyCount "99"]
[EventDate "2008.05.05"]
[EventType "team"]
[EventRounds "11"]
[EventCountry "ENG"]
[SourceDate "2007.09.15"]

1. Nf3 Nf6 2. c4 g6 3. Nc3 Bg7 4. e4 d6 5. d4 O-O 6. Be2 e5 7. d5 a5 8. Bg5 Na6
9. Nd2 Qe8 10. O-O Nd7 11. a3 h6 12. Bh4 Bf6 13. Bxf6 Nxf6 14. b4 Bd7 15. Rb1
c6 16. dxc6 bxc6 17. Nb3 axb4 18. axb4 Qe7 19. b5 Nc5 20. Nxc5 dxc5 21. Ra1
cxb5 22. cxb5 Be6 23. Qc2 Qb7 24. Rfd1 c4 25. Rxa8 Rxa8 26. Nd5 Nxd5 27. exd5
Bxd5 28. Bxc4 Bxc4 29. Qxc4 Rc8 30. Qb3 Rc5 31. b6 Rc6 32. Rb1 Re6 {=} 33. h3
Kg7 34. Qb5 Kf6 35. Qc5 Kg7 36. Rb5 h5 37. Qe3 Kh7 38. Kh2 Kg7 39. Rb3 f5 40.
Rb5 Kf6 41. Qh6 Re8 42. Qd2 Kf7 43. Qa2+ Kg7 44. Qb2 Kh7 45. Ra5 Qb8 46. Ra7+
Kh6 47. h4 e4+ 48. g3 Qe5 49. Qc1+ e3 50. fxe3 1/2-1/2

[Event "4NCL/Div4/BRJ vs. ANGA2"]
[Site "Wokefield Park ENG"]
[Date "2008.05.05"]
[Round "11.4"]
[White "Feavyour, John"]
[Black "Haydon, Richard"]
[Result "0-1"]
[WhiteElo "2094"]
[BlackElo "2191"]
[PlyCount "54"]
[EventDate "2008.05.05"]
[EventType "team"]
[EventRounds "11"]
[EventCountry "ENG"]
[SourceDate "2007.09.15"]

1. d4 d6 2. e4 g6 3. c4 Bg7 4. Nc3 Nd7 5. Nf3 e5 6. Be2 Ngf6 7. dxe5 dxe5 8.
O-O O-O 9. h3 c6 10. Bg5 h6 11. Be3 Qe7 12. Qd2 Kh7 13. Rad1 Re8 14. a3 a5 15.
Qc2 Nc5 16. Rd2 Nfd7 17. Rfd1 a4 18. Rd6 Bf8 19. R6d2 Nb6 20. Ne1 Qc7 21. f3
Nb3 22. Na2 Nxd2 23. Rxd2 Be6 24. Nb4 Ra5 25. Qc3 Bc5 26. Nec2 Nd7 27. Kh2 Bd4
0-1

[Event "4NCL/Div4/BRJ vs. ANGA2"]
[Site "Wokefield Park ENG"]
[Date "2008.05.05"]
[Round "11.5"]
[White "Rabbitt, Michael"]
[Black "Szymanski, Mark"]
[Result "1-0"]
[WhiteElo "2110"]
[BlackElo "2015"]
[PlyCount "89"]
[EventDate "2008.05.05"]
[EventType "team"]
[EventRounds "11"]
[EventCountry "ENG"]
[SourceDate "2007.09.15"]

1. Nf3 d5 2. d4 Nf6 3. g3 c6 4. Bg2 Bg4 5. c4 dxc4 6. Ne5 Bf5 7. Nc3 h6 8. Nxc4
e6 9. O-O Be7 10. b3 Na6 11. Bb2 O-O 12. Rc1 Rc8 13. a3 Nb8 14. b4 Nbd7 15. e4
Bg4 16. Qd2 Bh5 17. f4 Nb6 18. Na5 Qd7 19. Rc2 Rfd8 20. Nb1 Bg6 21. Qe1 Ne8 22.
Nd2 Bf6 23. Nab3 Nd6 24. Kh1 Na4 25. Ba1 Nb5 26. Nf3 Be7 27. Ne5 Qd6 28. Nxg6
fxg6 29. e5 Qd7 30. Be4 Qe8 31. Bd3 Nb6 32. Ra2 Nd5 33. h4 h5 34. Bb2 Rd7 35.
Ra1 Rcd8 36. Rc1 Nb6 37. g4 hxg4 38. Rg1 Na4 39. Ba1 Rc8 40. Rxg4 g5 41. fxg5
g6 42. Qe4 Kg7 43. h5 Nxa3 44. Rf1 Bxb4 45. Rf6 1-0

[Event "4NCL/Div4/BRJ vs. ANGA2"]
[Site "Wokefield Park ENG"]
[Date "2008.05.05"]
[Round "11.6"]
[White "Donaghay, Richard"]
[Black "Thomas, Nicola D"]
[Result "1/2-1/2"]
[WhiteElo "1971"]
[BlackElo "1935"]
[PlyCount "97"]
[EventDate "2008.05.05"]
[EventType "team"]
[EventRounds "11"]
[EventCountry "ENG"]
[SourceDate "2007.09.15"]

1. e4 e6 2. d3 d5 3. Nd2 c5 4. g3 b6 5. Bg2 Bb7 6. Nh3 Qd7 7. O-O Nc6 8. exd5
exd5 9. Re1+ Be7 10. Nf4 Nf6 11. c4 Nd4 12. Nf3 dxc4 13. Ne5 Qc7 14. dxc4 O-O
15. Be3 Rad8 16. Bxd4 Rxd4 17. Qc2 Bxg2 18. Nxg2 Rfd8 19. Nf3 Rd3 20. Qe2 Bf8
21. Rad1 Qd6 22. Ne3 Rxd1 23. Rxd1 Qe7 24. Rxd8 Qxd8 25. Ne5 g6 26. Nd3 Qd4 27.
b3 h5 28. h3 Bh6 29. Nc2 Qd6 30. Nce1 Bg7 31. Qf3 Kh7 32. Kg2 Qc7 33. Nf4 a6
34. Nd5 Nxd5 35. Qxd5 Qe7 36. Nf3 Bc3 37. Ng5+ Kg7 38. Ne4 Bd4 39. h4 b5 40.
Ng5 Qf6 41. Nf3 bxc4 42. Qxc4 Qd6 43. Ng5 Qf6 44. Qe2 Qc6+ 45. Kg1 Qd6 46. Qf3
Qc7 47. Kg2 Bf6 48. Nh3 c4 49. bxc4 1/2-1/2

[Event "4NCL/Div4/CELT1 vs. KJCAK"]
[Site "Wokefield Park ENG"]
[Date "2008.05.05"]
[Round "11.1"]
[White "Wippermann, Till"]
[Black "Jones, William"]
[Result "1-0"]
[WhiteElo "2443"]
[BlackElo "2007"]
[PlyCount "61"]
[EventDate "2008.05.05"]
[EventType "team"]
[EventRounds "11"]
[EventCountry "ENG"]
[SourceDate "2007.09.15"]

1. e4 c5 2. Nf3 d6 3. Bb5+ Nc6 4. Bxc6+ bxc6 5. O-O e5 6. c3 Nf6 7. Re1 Bg4 8.
h3 Bh5 9. d4 cxd4 10. cxd4 Nd7 11. Be3 Be7 12. Nbd2 O-O 13. Qc2 Qc7 14. Nh2 Bg6
15. dxe5 dxe5 16. Nhf1 f5 17. exf5 Rxf5 18. Ne4 Kh8 19. Rac1 Rc8 20. Nfg3 Rff8
21. Red1 Nf6 22. Qa4 h6 23. Nxf6 Bxf6 24. Qg4 Be8 25. Bxa7 Qxa7 26. Qxc8 Bh4
27. Ne4 Bxf2+ 28. Nxf2 Qxf2+ 29. Kh1 Bg6 30. Qxc6 Rf4 31. Qxg6 1-0

[Event "4NCL/Div4/CELT1 vs. KJCAK"]
[Site "Wokefield Park ENG"]
[Date "2008.05.05"]
[Round "11.2"]
[White "Jones, Victor"]
[Black "Hoffmann, Hendrik"]
[Result "1-0"]
[WhiteElo "1978"]
[BlackElo "2269"]
[PlyCount "89"]
[EventDate "2008.05.05"]
[EventType "team"]
[EventRounds "11"]
[EventCountry "ENG"]
[SourceDate "2007.09.15"]

1. e4 c5 2. Nf3 d6 3. d4 cxd4 4. Nxd4 Nf6 5. Nc3 Nc6 6. Bg5 e6 7. Qd2 h6 8.
Bxf6 Qxf6 9. Ndb5 Qd8 10. O-O-O a6 11. Nxd6+ Bxd6 12. Qxd6 Qxd6 13. Rxd6 Ke7
14. Rd2 b5 15. Be2 Ra7 16. f4 Rc7 17. Rhd1 Na5 18. Rd4 Bb7 19. a4 Nc6 20. R4d2
b4 21. Nd5+ exd5 22. exd5 Kf6 23. dxc6 Bxc6 24. b3 a5 25. g3 Re8 26. Rd6+ Re6
27. Rxe6+ fxe6 28. Rd4 Bd5 29. Bc4 Rc5 30. Bxd5 exd5 31. Kd2 Kf5 32. Rd3 g5 33.
fxg5 hxg5 34. c3 bxc3+ 35. Rxc3 Rxc3 36. Kxc3 Ke4 37. Kd2 g4 38. b4 axb4 39. a5
b3 40. a6 b2 41. Kc2 d4 42. a7 d3+ 43. Kxb2 Ke3 44. a8=Q d2 45. Kc2 1-0

[Event "4NCL/Div4/CELT1 vs. KJCAK"]
[Site "Wokefield Park ENG"]
[Date "2008.05.05"]
[Round "11.3"]
[White "Kemp, Peter D"]
[Black "Bayliss, Lyall C P"]
[Result "1-0"]
[WhiteElo "2178"]
[BlackElo "1961"]
[PlyCount "95"]
[EventDate "2008.05.05"]
[EventType "team"]
[EventRounds "11"]
[EventCountry "ENG"]
[SourceDate "2007.09.15"]

1. d4 Nf6 2. c4 g6 3. Nd2 d5 4. cxd5 Nxd5 5. e4 Nb6 6. Ngf3 Bg7 7. Nb3 O-O 8.
Be2 a5 9. O-O a4 10. Nc5 a3 11. bxa3 N8d7 12. Nb3 Na4 13. Qc2 b6 14. Qc6 Ba6
15. Bxa6 Rxa6 16. Bf4 Nf6 17. Rfe1 Qa8 18. Rac1 Nb2 19. Qc2 Na4 20. d5 Nc5 21.
Nxc5 bxc5 22. Qxc5 Rxa3 23. Qxe7 Re8 24. Qxc7 Nxe4 25. Qc6 f5 26. Qxa8 Rexa8
27. d6 Bf6 28. d7 Kf7 29. Rc8 Rxa2 30. h3 Ra1 31. Kh2 Rxe1 32. Nxe1 Ra1 33. Nd3
Rd1 34. d8=Q Bxd8 35. Rxd8 Nxf2 36. Ne5+ Kg7 37. Rxd1 Nxd1 38. Nd3 Kf7 39. Bd2
Ke6 40. Kg3 Kd5 41. Kf3 Kd4 42. Ke2 Nc3+ 43. Bxc3+ Kxc3 44. Ke3 Kc4 45. h4 Kd5
46. Kf4 h6 47. Ne5 g5+ 48. hxg5 1-0

[Event "4NCL/Div4/CELT1 vs. KJCAK"]
[Site "Wokefield Park ENG"]
[Date "2008.05.05"]
[Round "11.4"]
[White "Lunn, Matt"]
[Black "Thomas, Robert K"]
[Result "1/2-1/2"]
[WhiteElo "1822"]
[BlackElo "2153"]
[PlyCount "35"]
[EventDate "2008.05.05"]
[EventType "team"]
[EventRounds "11"]
[EventCountry "ENG"]
[SourceDate "2007.09.15"]

1. d4 Nf6 2. c4 g6 3. Nc3 d5 4. cxd5 Nxd5 5. e4 Nxc3 6. bxc3 Bg7 7. Nf3 O-O 8.
Rb1 c5 9. Be2 Nc6 10. d5 Bxc3+ 11. Bd2 Bxd2+ 12. Qxd2 Nd4 13. Nxd4 cxd4 14.
Qxd4 Qa5+ 15. Qd2 Qxd2+ 16. Kxd2 e6 17. dxe6 fxe6 18. Ke3 1/2-1/2

[Event "4NCL/Div4/CELT1 vs. KJCAK"]
[Site "Wokefield Park ENG"]
[Date "2008.05.05"]
[Round "11.5"]
[White "French, Angus"]
[Black "Maguire, Robert"]
[Result "1-0"]
[WhiteElo "2127"]
[BlackElo "1703"]
[PlyCount "63"]
[EventDate "2008.05.05"]
[EventType "team"]
[EventRounds "11"]
[EventCountry "ENG"]
[SourceDate "2007.09.15"]

1. e4 e5 2. Nf3 Nc6 3. d4 exd4 4. Nxd4 Nf6 5. Nc3 Bb4 6. Nxc6 bxc6 7. Bd3 O-O
8. O-O h6 9. e5 Bxc3 10. bxc3 Nh7 11. Qg4 d6 12. Qe4 f5 13. Qxc6 Be6 14. Ba3
Re8 15. Bb5 dxe5 16. Qc5 Qd5 17. Bxe8 Rxe8 18. Qxa7 Ra8 19. Qc5 Qxc5 20. Bxc5
Rxa2 21. Rxa2 Bxa2 22. Re1 e4 23. Ra1 Bd5 24. Ra7 c6 25. Bd4 Ng5 26. Rxg7+ Kf8
27. Rg6 Ne6 28. Rxh6 c5 29. Rf6+ Ke7 30. Rxf5 cxd4 31. Rxd5 dxc3 32. Re5 1-0

[Event "4NCL/Div4/CELT1 vs. KJCAK"]
[Site "Wokefield Park ENG"]
[Date "2008.05.05"]
[Round "11.6"]
[White "Gahir, Jasdeep"]
[Black "Haldane, Robin"]
[Result "1/2-1/2"]
[WhiteElo "1715"]
[BlackElo "2139"]
[PlyCount "111"]
[EventDate "2008.05.05"]
[EventType "team"]
[EventRounds "11"]
[EventCountry "ENG"]
[SourceDate "2007.09.15"]

1. e4 e5 2. Nf3 Nc6 3. Nc3 Nf6 4. d4 exd4 5. Nxd4 Bb4 6. Nxc6 bxc6 7. Bd3 d5 8.
exd5 cxd5 9. O-O O-O 10. Bg5 Bxc3 11. bxc3 Qd6 12. Bxf6 Qxf6 13. Qh5 g6 14.
Qxd5 Rb8 15. Qd4 Qxd4 16. cxd4 Rd8 17. Rfe1 Be6 18. Re4 Rb2 19. a3 Bf5 20. Re3
Bxd3 21. Rxd3 Rxc2 22. Kf1 Rb8 23. Rf3 {=} Rbb2 24. g3 a5 25. Re1 Kf8 26. Re5
a4 27. Rd5 h5 28. h3 {=} f5 29. g4 Rc1+ 30. Kg2 hxg4 31. hxg4 Rbb1 32. gxf5
Rg1+ 33. Kh2 Rh1+ 34. Kg3 Rbg1+ 35. Kf4 g5+ 36. Ke5 Rh6 37. f6 g4 38. Rf5 Re1+
39. Kf4 Re6 40. Kg5 Rh8 41. f7 Kg7 42. Rde5 Rg6+ 43. Kf4 Rf8 44. Re7 c6 {=} 45.
Kg3 Rd6 46. Rf4 Rg6 47. Rxg4 Rxg4+ 48. Kxg4 Rd8 49. Re4 Kxf7 50. f4 Rb8 51. d5
cxd5 52. Rxa4 Rb3 53. f5 d4 54. Rxd4 Rxa3 55. Kg5 Rg3+ 56. Rg4 1/2-1/2

[Event "4NCL/Div4/NOTT1 vs. MET"]
[Site "Wokefield Park ENG"]
[Date "2008.05.05"]
[Round "11.1"]
[White "Richmond, Robert J"]
[Black "Dickson, George"]
[Result "1-0"]
[WhiteElo "2243"]
[BlackElo "2137"]
[PlyCount "83"]
[EventDate "2008.05.05"]
[EventType "team"]
[EventRounds "11"]
[EventCountry "ENG"]
[SourceDate "2007.09.15"]

1. d4 Nf6 2. c4 c5 3. Nf3 cxd4 4. Nxd4 Nc6 5. g3 g6 6. Bg2 Bg7 7. O-O O-O 8. e3
d5 9. cxd5 Nxd5 10. Nxc6 bxc6 11. a3 Ba6 12. Re1 Rc8 13. Qc2 Qc7 14. Bd2 Rfd8
15. Nc3 Nxc3 16. Bxc3 Bd3 17. Qc1 c5 18. Bxg7 Kxg7 19. Qc3+ Kg8 20. Rac1 Qb6
21. Red1 Ba6 22. h4 h5 23. Bf3 Bb7 24. Bxb7 Qxb7 25. Rd2 Rxd2 26. Qxd2 a5 27.
Qxa5 Qxb2 28. Rxc5 Qb1+ 29. Kh2 Rxc5 30. Qxc5 Qb2 31. e4 e5 32. Kg2 Kg7 33. a4
Qa1 34. a5 g5 35. hxg5 Kg6 36. Qd6+ Kxg5 37. a6 f6 38. Qe7 Kg6 39. a7 h4 40.
Qe8+ Kg7 41. a8=Q h3+ 42. Kh2 1-0

[Event "4NCL/Div4/NOTT1 vs. MET"]
[Site "Wokefield Park ENG"]
[Date "2008.05.05"]
[Round "11.2"]
[White "Djabri, Zafer M"]
[Black "Mercs, Peter J"]
[Result "1-0"]
[WhiteElo "2087"]
[BlackElo "2077"]
[PlyCount "61"]
[EventDate "2008.05.05"]
[EventType "team"]
[EventRounds "11"]
[EventCountry "ENG"]
[SourceDate "2007.09.15"]

1. c4 c5 2. Nc3 Nf6 3. g3 e6 4. Bg2 Be7 5. Nf3 O-O 6. O-O a6 7. d4 cxd4 8. Nxd4
Nc6 9. b3 Qc7 10. Bb2 d6 11. Rc1 Ne5 12. h3 Rd8 13. e4 Rb8 14. Qe2 Ng6 15. Kh2
Qc5 16. Na4 Qa7 17. f4 Bd7 18. e5 Bxa4 19. Nxe6 fxe6 20. exf6 Bd7 21. fxe7 Nxe7
22. Qd3 Nf5 23. g4 Qe3 24. Rf3 Qxd3 25. Rxd3 Nh4 26. Bh1 Bc6 27. Rcd1 Bxh1 28.
Kxh1 Rf8 29. Rxd6 Rxf4 30. Rd7 Rf2 31. Be5 1-0

[Event "4NCL/Div4/NOTT1 vs. MET"]
[Site "Wokefield Park ENG"]
[Date "2008.05.05"]
[Round "11.3"]
[White "Walker, Andrew N"]
[Black "Fegan, Chris"]
[Result "1/2-1/2"]
[WhiteElo "2040"]
[BlackElo "2081"]
[PlyCount "103"]
[EventDate "2008.05.05"]
[EventType "team"]
[EventRounds "11"]
[EventCountry "ENG"]
[SourceDate "2007.09.15"]

1. e4 d6 2. d4 Nf6 3. Nc3 g6 4. Nf3 Bg7 5. Be2 O-O 6. O-O Bg4 7. h3 Bxf3 8.
Bxf3 e5 9. Be3 Nc6 10. d5 Ne7 11. Qd2 a6 12. Bg5 b5 13. a3 Qd7 14. Rad1 Rfb8
15. b4 Nc8 16. Be2 Nb6 17. f4 exf4 18. Rxf4 Qe7 19. Rdf1 Nbd7 20. Bg4 Qe5 21.
Bxd7 Qxg5 22. Bc6 Nh5 23. Ne2 Ra7 24. Qe3 Nxf4 25. Rxf4 Rb6 26. Qf3 f6 27. Nd4
Qe5 28. c3 a5 29. Nxb5 Rxb5 30. Bxb5 axb4 31. cxb4 Qa1+ 32. Qf1 Qxf1+ 33. Rxf1
Rxa3 {=} 34. Rc1 Rb3 35. Rxc7 Rxb4 36. Bd7 Rxe4 37. Be6+ Kf8 38. Rf7+ Kg8 39.
Rd7+ Kf8 40. Rxd6 f5 41. Rd8+ Ke7 42. Rd7+ Kf8 43. Rf7+ Kg8 44. Re7+ Kf8 45. d6
Bd4+ 46. Kf1 Bc5 {=} 47. Rf7+ Ke8 48. d7+ Kd8 49. Bd5 Re7 50. Rxe7 Kxe7 51. Bg8
Bb6 52. g4 1/2-1/2

[Event "4NCL/Div4/NOTT1 vs. MET"]
[Site "Wokefield Park ENG"]
[Date "2008.05.05"]
[Round "11.4"]
[White "Calvert, D Ian"]
[Black "Truman, Richard G"]
[Result "1/2-1/2"]
[WhiteElo "2052"]
[BlackElo "2032"]
[PlyCount "53"]
[EventDate "2008.05.05"]
[EventType "team"]
[EventRounds "11"]
[EventCountry "ENG"]
[SourceDate "2007.09.15"]

1. b3 g6 2. Bb2 Nf6 3. Nf3 Bg7 4. g3 O-O 5. Bg2 d6 6. d4 c5 7. c4 Nc6 8. O-O
Ne4 9. Nbd2 Nxd2 10. Qxd2 Bg4 11. d5 Ne5 12. Nxe5 dxe5 13. h3 Bd7 14. d6 Qc8
15. dxe7 Re8 16. Qd6 Bxh3 17. Bxe5 Bxg2 18. Kxg2 Bxe5 19. Qxe5 b6 20. Rad1 Qb7+
21. Qd5 Qxe7 22. e3 Rad8 23. Qf3 Rxd1 24. Rxd1 Kf8 25. Rd5 Qe4 26. Qxe4 Rxe4
27. Kf3 1/2-1/2

[Event "4NCL/Div4/NOTT1 vs. MET"]
[Site "Wokefield Park ENG"]
[Date "2008.05.05"]
[Round "11.5"]
[White "Kingston, Ian"]
[Black "Vachtfeidl, Petr"]
[Result "1/2-1/2"]
[WhiteElo "2025"]
[BlackElo "2006"]
[PlyCount "49"]
[EventDate "2008.05.05"]
[EventType "team"]
[EventRounds "11"]
[EventCountry "ENG"]
[SourceDate "2007.09.15"]

1. e4 c5 2. Nf3 d6 3. Bb5+ Bd7 4. Bxd7+ Qxd7 5. O-O Nf6 6. Re1 Nc6 7. c3 e6 8.
d4 cxd4 9. cxd4 d5 10. e5 Ne4 11. Nbd2 Nxd2 12. Bxd2 Be7 13. a3 h6 14. b4 a6
15. Qb3 b5 16. Qe3 O-O 17. h4 a5 18. bxa5 Nxa5 19. Bb4 Nc4 20. Qb3 Rfb8 21. Ra2
Bxb4 22. axb4 Ra7 23. Rea1 Rba8 24. Kf1 Qb7 25. Ke2 1/2-1/2

[Event "4NCL/Div4/NOTT1 vs. MET"]
[Site "Wokefield Park ENG"]
[Date "2008.05.05"]
[Round "11.6"]
[White "Cooke, Charlie"]
[Black "Webster, Richard J"]
[Result "1/2-1/2"]
[WhiteElo "1845"]
[BlackElo "1976"]
[PlyCount "42"]
[EventDate "2008.05.05"]
[EventType "team"]
[EventRounds "11"]
[EventCountry "ENG"]
[SourceDate "2007.09.15"]

1. d4 Nf6 2. c4 g6 3. Nc3 d5 4. e3 Bg7 5. cxd5 Nxd5 6. Bc4 Nb6 7. Bb3 Nc6 8.
Nf3 O-O 9. a3 e5 10. d5 Na5 11. Ba2 Nac4 12. Qd3 Nd6 13. e4 Nd7 14. O-O Re8 15.
Nd2 Nf6 16. Nc4 a6 17. f3 Nh5 18. Ne2 b6 19. Be3 Bb7 20. Nxd6 Qxd6 21. Rfd1
Red8 1/2-1/2

[Event "4NCL/Div4/GUI4 vs. BCA"]
[Site "Wokefield Park ENG"]
[Date "2008.05.05"]
[Round "11.1"]
[White "Richardson, Keith B"]
[Black "Crouch, Colin"]
[Result "0-1"]
[WhiteElo "2194"]
[BlackElo "2357"]
[PlyCount "76"]
[EventDate "2008.05.05"]
[EventType "team"]
[EventRounds "11"]
[EventCountry "ENG"]
[SourceDate "2007.09.15"]

1. c4 Nf6 2. Nf3 b6 3. Nc3 Bb7 4. d4 e6 5. a3 d5 6. Bg5 Be7 7. e3 O-O 8. Bd3
dxc4 9. Bxc4 Nbd7 10. O-O c5 11. Qe2 Ne4 12. Nxe4 Bxe4 13. Bf4 cxd4 14. exd4
Nf6 15. Rfd1 Bb7 16. Rac1 Nd5 17. Be5 Rc8 18. Qe4 g6 19. Qg4 Qd7 20. h4 b5 21.
Bd3 Rxc1 22. Rxc1 Rc8 23. Re1 f5 24. Qg3 Nf6 25. Bxf6 Bxf6 26. h5 Kf7 27. Ne5+
Bxe5 28. Qxe5 gxh5 29. Bxb5 Qd5 30. Qxd5 Bxd5 31. Bd3 Kf6 32. f3 Rb8 33. Re2
Rb3 34. Rd2 h4 35. Kf2 Kg5 36. Bb1 h3 37. gxh3 Rxf3+ 38. Kg1 Rxh3 0-1

[Event "4NCL/Div4/GUI4 vs. BCA"]
[Site "Wokefield Park ENG"]
[Date "2008.05.05"]
[Round "11.2"]
[White "Mordue, A Tyson"]
[Black "Horton, Justin"]
[Result "0-1"]
[WhiteElo "2317"]
[BlackElo "2163"]
[PlyCount "68"]
[EventDate "2008.05.05"]
[EventType "team"]
[EventRounds "11"]
[EventCountry "ENG"]
[SourceDate "2007.09.15"]

1. e4 e5 2. Nf3 Nc6 3. Bb5 a6 4. Ba4 Nf6 5. O-O Be7 6. Re1 b5 7. Bb3 d6 8. c3
O-O 9. d4 Bg4 10. Be3 exd4 11. cxd4 d5 12. e5 Ne4 13. h3 Bh5 14. Nc3 Nxc3 15.
bxc3 Na5 16. Bc2 Nc4 17. Bf4 Ba3 18. Rb1 c6 19. g4 Bg6 20. Bf5 Qa5 21. h4 Rae8
22. h5 Bxf5 23. gxf5 Qxc3 24. Rb3 Qa5 25. Kh1 f6 26. Nh4 fxe5 27. dxe5 Bd6 28.
Rg1 Bxe5 29. Bxe5 Nxe5 30. Rbg3 Qb4 31. Rxg7+ Kh8 32. R1g3 Qxh4+ 33. Kg2 Qe4+
34. Kg1 Nf3+ 0-1

[Event "4NCL/Div4/GUI4 vs. BCA"]
[Site "Wokefield Park ENG"]
[Date "2008.05.05"]
[Round "11.3"]
[White "Dekker, Alain"]
[Black "Ross, Chris"]
[Result "0-1"]
[WhiteElo "2121"]
[BlackElo "2146"]
[PlyCount "48"]
[EventDate "2008.05.05"]
[EventType "team"]
[EventRounds "11"]
[EventCountry "ENG"]
[SourceDate "2007.09.15"]

1. e4 c5 2. Nf3 e6 3. d4 cxd4 4. Nxd4 Nc6 5. Nc3 Qc7 6. Be2 a6 7. Be3 b5 8. Qd2
Bb7 9. O-O-O Nf6 10. f3 Bb4 11. a3 Be7 12. g4 d6 13. h4 b4 14. axb4 Nxb4 15. g5
Nd7 16. h5 Rc8 17. g6 Bf6 18. Kb1 h6 19. f4 Nc5 20. Ndb5 axb5 21. Nxb5 Qa5 22.
Nxd6+ Kf8 23. Bc4 Ra8 24. Bxc5 Qa1# 0-1

[Event "4NCL/Div4/GUI4 vs. BCA"]
[Site "Wokefield Park ENG"]
[Date "2008.05.05"]
[Round "11.4"]
[White "Lilley, Graham"]
[Black "Punnett, Alan K"]
[Result "1/2-1/2"]
[WhiteElo "2118"]
[BlackElo "2096"]
[PlyCount "49"]
[EventDate "2008.05.05"]
[EventType "team"]
[EventRounds "11"]
[EventCountry "ENG"]
[SourceDate "2007.09.15"]

1. d4 Nf6 2. c4 e6 3. Nc3 Bb4 4. Qc2 b6 5. a3 Bxc3+ 6. Qxc3 Bb7 7. Nf3 Ne4 8.
Qc2 O-O 9. g3 f5 10. Bg2 d6 11. O-O Nd7 12. b4 Qe7 13. Bb2 Rae8 14. Rad1 Ndf6
15. Ne1 d5 16. f3 Nd6 17. c5 Nc4 18. Qc1 Nxb2 19. Qxb2 e5 20. e3 exd4 21. exd4
Qe3+ 22. Kh1 bxc5 23. Nc2 Qe2 24. Rfe1 Qf2 25. Rf1 1/2-1/2

[Event "4NCL/Div4/GUI4 vs. BCA"]
[Site "Wokefield Park ENG"]
[Date "2008.05.05"]
[Round "11.5"]
[White "Shepley, Julien M"]
[Black "Cole, Tristram C"]
[Result "1-0"]
[WhiteElo "2123"]
[BlackElo "1985"]
[PlyCount "55"]
[EventDate "2008.05.05"]
[EventType "team"]
[EventRounds "11"]
[EventCountry "ENG"]
[SourceDate "2007.09.15"]

1. d4 e6 2. a3 d5 3. Nf3 Nf6 4. Bf4 Bd6 5. Bg3 O-O 6. e3 Nbd7 7. c4 Re8 8. Nc3
Bxg3 9. hxg3 dxc4 10. Bxc4 e5 11. Ng5 Rf8 12. Nxf7 Rxf7 13. dxe5 Qe7 14. e6 Ne5
15. exf7+ Nxf7 16. Nd5 Nxd5 17. Qxd5 h6 18. O-O-O Kf8 19. Rh4 c6 20. Qxf7+ Qxf7
21. Bxf7 Kxf7 22. Rf4+ Ke7 23. Re4+ Be6 24. f4 Kf7 25. Rd6 Re8 26. Rdxe6 Rxe6
27. Rxe6 Kxe6 28. e4 1-0

[Event "4NCL/Div4/GUI4 vs. BCA"]
[Site "Wokefield Park ENG"]
[Date "2008.05.05"]
[Round "11.6"]
[White "Burnell, Steve"]
[Black "Stimpson, Philip M"]
[Result "1/2-1/2"]
[WhiteElo "1935"]
[BlackElo "2075"]
[PlyCount "61"]
[EventDate "2008.05.05"]
[EventType "team"]
[EventRounds "11"]
[EventCountry "ENG"]
[SourceDate "2007.09.15"]

1. d4 Nf6 2. c4 e5 3. dxe5 Ng4 4. Bf4 Nc6 5. Nf3 Bb4+ 6. Nbd2 Qe7 7. e3 Ngxe5
8. Nxe5 Nxe5 9. Be2 b6 10. O-O Bxd2 11. Qxd2 Bb7 12. Rfd1 d6 13. Bxe5 Qxe5 14.
Qd4 Qg5 15. Qg4 Qxg4 16. Bxg4 h5 17. Be2 O-O-O 18. Rd4 g5 19. Rad1 f5 20. h4
Rdg8 21. Bd3 f4 22. exf4 gxh4 23. Be4 Bxe4 24. Rxe4 Rg4 25. Rde1 Kb7 26. f5
Rhg8 27. Rxg4 Rxg4 28. b3 Rf4 29. Re3 Rxf5 30. Re4 Kc6 31. b4 1/2-1/2

[Event "4NCL/Div4/FCA2 vs. PONTY"]
[Site "Wokefield Park ENG"]
[Date "2008.05.05"]
[Round "11.1"]
[White "Adebajo, Femi"]
[Black "Sully, David"]
[Result "1/2-1/2"]
[WhiteElo "2022"]
[BlackElo "2110"]
[PlyCount "65"]
[EventDate "2008.05.05"]
[EventType "team"]
[EventRounds "11"]
[EventCountry "ENG"]
[SourceDate "2007.09.15"]

1. e4 e6 2. d4 d5 3. Nd2 Be7 4. e5 c5 5. c3 cxd4 6. cxd4 Nc6 7. Ngf3 Qb6 8. Qb3
Bb4 9. Bd3 Bd7 10. O-O Na5 11. Qd1 Bb5 12. Bxb5+ Qxb5 13. Ng5 Nh6 14. Ndf3 Nc6
15. Be3 Nf5 16. Rc1 h6 17. Nh3 g5 18. g4 Ng7 19. Nhxg5 hxg5 20. Nxg5 Be7 21. f4
Qxb2 22. Rc2 Qb6 23. Qd2 f6 24. Nf3 Kd7 25. exf6 Bxf6 26. Ne5+ Bxe5 27. dxe5
Qa6 28. f5 Nxf5 29. Rxf5 Rag8 30. Rg5 Rxg5 31. Bxg5 Rf8 32. Qe2 Qb6+ 33. Qe3
1/2-1/2